Statistics for Musical Instruments by Picture #1

Click here to take the quiz!

General Stats

  • This quiz has been taken 143,618 times
    (32,748 since last reset)
  • The average score is 15 of 20

Answer Stats

Answer % Correct
Guitar
99%
Violin
98%
Harp
96%
Saxophone
93%
Bagpipes
91%
Clarinet
89%
Harmonica
89%
Trombone
87%
Banjo
86%
French Horn
85%
Gong
83%
Accordion
81%
Tuba
81%
Maracas
76%
Sitar
61%
Pan Flute
53%
Timpani
52%
Steelpan
46%
Lute
45%
Alphorn
26%

Score Distribution

Percentile by Number Answered

Percent of People with Each Score

Your Score History

You have not taken this quiz since the last reset